| 000 | 00386nam a2200169Ia 4500 | ||
|---|---|---|---|
| 100 | _aGardner/ John | ||
| 650 | _aElectrical Engineering | ||
| 490 | _vI | ||
| 942 | _cBK | ||
| 654 | _aTape Recorder Servicing Manul | ||
| 245 | _aTape Recorder Servicing Manul | ||
| 260 |
_bButtersworth _aLondon _c1977 |
||
| 082 |
_a621.3 _bGar |
||
| 300 | _a207 | ||
| 546 | _aENGLISH | ||
| 999 |
_c33598 _d33598 |
||